00151nam a2200061Ia 4500008004100000100002200041245002600063120527s9999 xx 000 0 und d aAustler, J. carol aThe sociology of work